Practical Manual On Agrometeorology / (Record no. 179896)

MARC details
000 -LEADER
fixed length control field 00689nam a22001937a 4500
005 - DATE AND TIME OF LATEST TRANSACTION
control field 20210715125811.0
010 ## - LCCN (DPL NO)
LC control number ENG-129557
020 ## - INTERNATIONAL STANDARD BOOK NUMBER
International Standard Book Number 978-93/5230-154-6
Terms of availability 225.00
035 ## - SYSTEM CONTROL NUMBER
System control number EN-113089
037 ## - SOURCE OF ACQUISITION
Source of stock number/acquisition DBAD/PUB
082 ## - DEWEY DECIMAL CLASSIFICATION NUMBER
Classification number 616.21
100 ## - MAIN ENTRY--PERSONAL NAME
Personal name V..Radha Krishna Murthy
245 ## - TITLE STATEMENT
Title Practical Manual On Agrometeorology /
Statement of responsibility, etc by V. Radha Krishna Murthy,B. Jyothi Basu,S.Kiran Kumar,M.Sree Rekha
260 ## - PUBLICATION, DISTRIBUTION, ETC. (IMPRINT)
Place of publication, distribution, etc Sultan Bazar
Name of publisher, distributor, etc BS Publishers
Date of publication, distribution, etc 2019
270 ## - ADDRESS
Address 4-4-309/316,Giriraj Lane,Sultan Bazar
City Hyderabad
Postal code 500095
Electronic mail address info@bsbbooks.net
Telephone number 040-23445688
300 ## - PHYSICAL DESCRIPTION
Extent 190p
Dimensions 24cm(PB)
700 ## - ADDED ENTRY--PERSONAL NAME
Personal name V.Radha Krishna Murthy and other
942 ## - ADDED ENTRY ELEMENTS (KOHA)
Source of classification or shelving scheme Dewey Decimal Classification
Item type English Books
Classification part 630.2575
Call number suffix MUR
Holdings
Withdrawn status Lost status Not for loan Collection code Home library Current library Date acquired Source of acquisition Cost, normal purchase price Full call number Barcode Copy number Cost, replacement price Koha item type
      Non-fiction Central Library Central Library 15/07/2021 DBAD/PUB 225.00 630.2575 MUR EN-113089 1 225.00 English Books

© Delhi Public Library
Hit Counter
free hit counter